[Event "USA-ch (Women)"]
[Site "Highland Beach"]
[Date "1991.??.??"]
[Round "?"]
[White "Marinello, Beatriz M"]
[Black "Wieckiewicz, Krystina"]
[Result "1-0"]
[WhiteElo "2185"]
[BlackElo "2050"]
[PlyCount "73"]
[EventDate "1991.??.??"]
[EventType "tourn"]
[EventRounds "9"]
[EventCountry "USA"]
[SourceTitle "EXT 1997"]
[Source "ChessBase"]
[SourceDate "1996.11.15"]
[SourceVersion "1"]
[SourceVersionDate "1996.11.15"]
[SourceQuality "1"]

1. e4 c5 2. Nf3 d6 3. d4 cxd4 4. Nxd4 Nf6 5. Nc3 a6 6. f4 e5 7. Nf3 Qc7 8. a4 Nbd7 9. Bd3 b6 10. 0-0 Bb7 11. Qe1 Be7 12. Nh4 g6 13. f5 0-0-0 14. Bd2 Rdg8 15. fxg6 hxg6 16. Nf3 Ng4 17. b4 f5 18. Qe2 fxe4 19. Bxe4 Ndf6 20. Bxb7+ Qxb7 21. h3 Nh6 22. Ng5 Nf5 23. Nce4 Nxe4 24. Qxe4 Rf8 25. Ra3 Nd4 26. Rxf8+ Rxf8 27. Qxg6 Ne2+ 28. Kh2 Qd5 29. Rd3 Qa2 30. Qe4 Rf2 31. Qc6+ Kb8 32. Qxb6+ Ka8 33. Qxf2 Bxg5 34. Bxg5 Qxc2 35. Rxd6 Qc7 36. Rxa6+ Kb7 37. Ra7+ 1-0

[Event "USA-ch (Women)"]
[Site "Highland Beach"]
[Date "1991.??.??"]
[Round "?"]
[White "Ruggiero, Pamela"]
[Black "Wieckiewicz, Krystina"]
[Result "1-0"]
[WhiteElo "2135"]
[BlackElo "2050"]
[PlyCount "111"]
[EventDate "1991.??.??"]
[EventType "tourn"]
[EventRounds "9"]
[EventCountry "USA"]
[SourceTitle "EXT 1997"]
[Source "ChessBase"]
[SourceDate "1996.11.15"]
[SourceVersion "1"]
[SourceVersionDate "1996.11.15"]
[SourceQuality "1"]

1. c4 Nf6 2. Nf3 c5 3. Nc3 d5 4. cxd5 Nxd5 5. e4 Nc7 6. d4 cxd4 7. Qxd4 Qxd4 8. Nxd4 e5 9. Ndb5 Nba6 10. Be3 b6 11. 0-0-0 Bd7 12. Nd6+ Bxd6 13. Rxd6 Ke7 14. Rd2 Rac8 15. Kb1 Rhd8 16. Be2 Nb4 17. a3 Nc6 18. Rc1 Ne6 19. Nd5+ Ke8 20. Ba6 Rb8 21. Rdc2 Ned4 22. Bxd4 Nxd4 23. Rc7 Be6 24. Rxa7 Rd7 25. Rcc7 b5 26. Bc8 Rxc7 27. Nxc7+ Kf8 28. Nxe6+ Nxe6 29. Bxe6 fxe6 30. Rc7 b4 31. a4 b3 32. f3 Ra8 33. Rc4 Rd8 34. Kc1 Ke7 35. a5 Rd6 36. Rc3 Ra6 37. Rxb3 Rxa5 38. Ra3 Rc5+ 39. Kd2 Rb5 40. Kc2 Rc5+ 41. Rc3 Ra5 42. Rc7+ Kf6 43. b4 Ra2+ 44. Kb3 Rxg2 45. Rc2 Rg1 46. b5 Ke7 47. Kb4 Kd7 48. b6 h5 49. Kb5 g5 50. b7 Rb1+ 51. Ka6 Ra1+ 52. Kb6 Rb1+ 53. Ka7 Ra1+ 54. Kb8 Rb1 55. Rc7+ Kd6 56. Kc8 1-0